Arte de proyectar en arquitectura (Record no. 111740)

MARC details
000 -LEADER
campo de control de longitud fija 00678nam a2200205 i 4500
001 - NÚMERO DE CONTROL
campo de control 111740
003 - IDENTIFICADOR DE NÚMERO DE CONTROL
campo de control ES-MaACL
005 - FECHA Y HORA DE LA ÚLTIMA TRANSACCIÓN
campo de control 20240229183436.0
007 - CAMPO FIJO DE DESCRIPCIÓN FÍSICA--INFORMACIÓN GENERAL
campo de control de longitud fija t|
008 - DATOS DE LONGITUD FIJA--INFORMACIÓN GENERAL
campo de control de longitud fija 061121s1956 sp a |||| | spa d
100 1# - ENTRADA PRINCIPAL--NOMBRE DE PERSONA
Nombre de persona Neufert, Ernst.
9 (RLIN) 85434
245 10 - MENCIÓN DEL TÍTULO
Título Arte de proyectar en arquitectura
Resto del título : fundamentos, normas y prescripciones sobre construcción /
Mención de responsabilidad, etc. Ernst Neufert ; versión de la décima edición alemana por M. Company.
250 ## - MENCION DE EDICION
Mención de edición 7ª ed.
260 ## - PUBLICACIÓN, DISTRIBUCIÓN, ETC.
Lugar de publicación, distribución, etc. Barcelona :
Nombre del editor, distribuidor, etc. Gustavo Gili,
Fecha de publicación, distribución, etc. 1956.
300 ## - DESCRIPCIÓN FÍSICA
Extensión XVI, 285 p. :
Otras características físicas il. ;
Dimensiones 31 cm.
650 04 - PUNTO DE ACCESO ADICIONAL DE MATERIA--TÉRMINO DE MATERIA
Término de materia o nombre geográfico como elemento de entrada Arquitectura
9 (RLIN) 9986
700 1# - ENTRADA AGREGADA--NOMBRE PERSONAL
Nombre de persona Company, M.
9 (RLIN) 40037
852 ## - LOCALIZACIÓN
Ubicación ES-MaACL
Número de control de estantería C-10741
Holdings
Estatus retirado Estado de pérdida Estado de daño No para préstamo Biblioteca de origen Biblioteca actual Ubicación en estantería Fecha de adquisición Fuente de adquisición Total de préstamos Signatura topográfica completa Código de barras Visto por última vez Precio de reemplazo Tipo de ítem Koha
        Biblioteca del Ateneo de Madrid Biblioteca del Ateneo de Madrid Sala Palomar 17/01/2008     C-10741 1116564 23/02/2023 23/02/2023 Libro impreso